书目信息 |
| 题名: |
堆肥清洁生产与使用手册
|
|
| 作者: | 张增强 主编 | |
| 分册: | ||
| 出版信息: | 北京 中国农业出版社 2019.03 |
|
| 页数: | 257页 | |
| 开本: | 21cm | |
| 丛书名: | ||
| 单 册: | ||
| 中图分类: | S141.4-62 | |
| 科图分类: | ||
| 主题词: | 堆肥--dui fei--无污染工艺--手册 | |
| 电子资源: | ||
| ISBN: | 978-7-109-25168-7 | |
| 000 | 00835nam0 2200229 450 | |
| 001 | 0106081833 | |
| 005 | 20201106082045.0 | |
| 010 | @a978-7-109-25168-7@dCNY39.00 | |
| 100 | @a20190921d2019 em y0chiy50 ea | |
| 101 | 0 | @achi |
| 102 | @aCN@b110000 | |
| 105 | @aa z 000yy | |
| 106 | @ar | |
| 200 | 1 | @a堆肥清洁生产与使用手册@Adui fei qing jie sheng chan yu shi yong shou ce@f张增强主编 |
| 210 | @a北京@c中国农业出版社@d2019.03 | |
| 215 | @a257页@c图,照片@d21cm | |
| 330 | @a本书从堆肥的原料、堆肥的生产过程及堆肥产品的质量控制、堆肥的工艺及设备、堆肥产品的土地利用等方面,阐明堆肥清洁生产的概念、原理、过程污染控制以及堆肥产品的施用。 | |
| 606 | 0 | @a堆肥@Adui fei@x无污染工艺@j手册 |
| 690 | @aS141.4-62@v5 | |
| 701 | 0 | @a张增强@Azhang zeng qiang@4主编 |
| 801 | 0 | @aCN@bBJSZM@c20201106 |
| 905 | @b1192664-7@dS141.4-62@e123@f4 | |
| 堆肥清洁生产与使用手册/张增强主编.-北京:中国农业出版社,2019.03 |
| 257页:图,照片;21cm |
| ISBN 978-7-109-25168-7:CNY39.00 |
| 本书从堆肥的原料、堆肥的生产过程及堆肥产品的质量控制、堆肥的工艺及设备、堆肥产品的土地利用等方面,阐明堆肥清洁生产的概念、原理、过程污染控制以及堆肥产品的施用。 |
| ● |
| 相关链接 |
|
|
|
|
正题名:堆肥清洁生产与使用手册
索取号:S141.4-62/123
 
预约/预借
| 序号 | 登录号 | 条形码 | 馆藏地/架位号 | 状态 | 备注 |
| 1 | 1192664 | 211926647 | 第二样本阅览室/ [索取号:S141.4-62/123] | 在馆 | |
| 2 | 1192665 | 211926656 | 第三借阅区/ [索取号:S141.4-62/123] | 在馆 | |
| 3 | 1192666 | 211926665 | 第三借阅区/ [索取号:S141.4-62/123] | 在馆 | |
| 4 | 1192667 | 211926674 | 第三借阅区/ [索取号:S141.4-62/123] | 在馆 |